[Event "Olympiad"]
[Site "masterchessopen.com Istanbul (Turkey)"]
[Round "5"]
[White "Moldobaev Emelbek (KGZ)"]
[Black "Ye Jiangchuan (CHN)"]
[Result "0-1"]
[WhiteElo "2404"]
[BlackElo "2670"]

1.Nf3 Nf6 2.c4 g6 3.g3 Bg7 4.Bg2 O-O 5.d4 d5 6.cxd5 Nxd5 7.O-O Nb6 8.Nc3 Nc6
9.d5 Na5 10.Qc2 Nxd5 11.Rd1 c6 12.Ne1 Bd7 13.Nxd5 cxd5 14.Rxd5 e6 15.Rd3 Qc8
16.Qxc8 Bxc8 17.Rb1 Rb8 18.Bd2 Nc6 19.Bc3 e5 20.Rbd1 Bg4 21.Bf3 e4 22.Bxg7
Kxg7 23.Bxg4 exd3 24.Nxd3 Rbd8 25.Bf3 Rd6 26.Kf1 b6 27.Rc1 Nd4 28.Bb7 Re8
29.e3 Re7 30.Ba6 Ne6 31.Rc8 Nc7 {#R} 0-1

[Event "It (open)"]
[Site "masterchessopen.com Nova Gorica (Slovenia)"]
[Round "2"]
[White "Brumen Dinko (CRO)"]
[Black "Rogulj Branko (CRO)"]
[Result "1-0"]
[WhiteElo "2430"]
[BlackElo "2460"]

1.d4 Nf6 2.Nf3 g6 3.c4 Bg7 4.g3 O-O 5.Bg2 d5 6.cxd5 Nxd5 7.O-O Nb6 8.Nc3 c6
9.Bf4 Na6 10.Qc1 Re8 11.Rd1 Bg4 12.h3 Bxf3 13.Bxf3 Nc7 14.Kg2 Ncd5 15.Nxd5
Nxd5 16.Bh6 Bxh6 17.Qxh6 e6 18.e4 Nc7 19.Qf4 Re7 20.h4 Nb5 21.Qe5 Rd7 22.d5
exd5 23.exd5 c5 24.Rac1 b6 25.h5 Rd6 26.b4 Rc8 27.a4 f6 28.Qf4 g5 29.Qf5 Na3
30.Rc3 {#r} 1-0

[Event "Ch World (juniors) (under 18)"]
[Site "masterchessopen.com Oropesa (Spain)"]
[Round "1"]
[White "Kozak Leonid (UZB)"]
[Black "Khruschiov Alexey (MDA)"]
[Result "0-1"]
[WhiteElo "2155"]
[BlackElo "2381"]

1.d4 g6 2.c4 Nf6 3.Nf3 Bg7 4.g3 O-O 5.Bg2 d5 6.cxd5 Nxd5 7.O-O Nb6 8.Nc3 Nc6
9.e3 a5 10.d5 Nb4 11.e4 c6 12.a3 Na6 13.dxc6 bxc6 14.Qc2 Qc7 15.Rd1 Bg4 16.h3
Bd7 {#R} 0-1

[Event "Ch Ukraine"]
[Site "masterchessopen.com Sevastopol (Ukraine)"]
[Round "1"]
[White "Golovanj Andrej (UKR)"]
[Black "Demkovich Anatoliy (UKR)"]
[Result "0-1"]
[WhiteElo "2218"]
[BlackElo "2413"]

1.d4 Nf6 2.c4 g6 3.Nf3 Bg7 4.g3 O-O 5.Bg2 d5 6.cxd5 Nxd5 7.O-O Nb6 8.Nc3 Nc6
9.d5 Na5 10.Qc2 Nxd5 11.Rd1 c6 12.e4 Nb4 13.Qa4 b5 14.Rxd8 bxa4 15.Rxf8+ Kxf8
16.Nxa4 Nc4 17.Bf1 Nb6 18.Nc3 Bg4 19.Ne1 c5 20.Be3 Bd4 21.Bh6+ Ke8 22.a3 Nc6
23.Bb5 Bd7 24.Nc2 Rd8 25.Kg2 Na5 26.Be2 Bc6 27.f3 Bxc3 28.bxc3 Na4 29.c4 Nc3
30.Bf1 Nxe4 31.Be3 Nd2 32.Be2 Ndxc4 {#R} 0-1

[Event "Memorial M.Najdorf (open)"]
[Site "masterchessopen.com Buenos Aires (Argentina)"]
[Round "3"]
[White "Szmetan Jorge (ARG)"]
[Black "Escandell Juan C (ESP)"]
[Result "1-0"]
[WhiteElo "2408"]
[BlackElo "2285"]

1.Nf3 Nf6 2.c4 g6 3.g3 Bg7 4.Bg2 O-O 5.O-O d5 6.cxd5 Nxd5 7.d4 Nb6 8.Nc3 Nc6
9.e3 Re8 10.d5 Na5 11.Nd4 Bd7 12.b4 Nac4 13.Qb3 a5 14.Rd1 Qc8 15.b5 a4 16.Qc2
Bh3 17.Rb1 Bxg2 18.Kxg2 Qd7 19.Rb4 Qd6 20.a3 Red8 21.Nde2 Qc5 22.Kg1 Nd6 23.e4
Ndc4 24.Nb1 e6 25.Be3 Qe7 26.Rxc4 Nxc4 27.Qxc4 exd5 28.exd5 Be5 29.Nec3 Ra5
30.Nxa4 Rda8 31.Nac3 Bxc3 32.Nxc3 Rxa3 {#r} 1-0

[Event "It (cat.4)"]
[Site "masterchessopen.com Kostrena (Croatia)"]
[Round "10"]
[White "Mandekic Ivan (CRO)"]
[Black "Milu Romeo Sorin (ROM)"]
[Result "0-1"]
[WhiteElo "2248"]
[BlackElo "2430"]

1.Nf3 g6 2.c4 Bg7 3.g3 Nf6 4.Bg2 O-O 5.O-O d5 6.cxd5 Nxd5 7.d4 Nb6 8.Nc3 Nc6
9.e3 Re8 10.b3 e5 11.dxe5 Qxd1 12.Nxd1 Nxe5 13.Nxe5 Bxe5 14.Bb2 a5 15.Bxe5
Rxe5 16.Rc1 c6 17.Nb2 a4 18.Nd3 Rb5 19.b4 a3 20.Rc5 Be6 21.Rxb5 cxb5 22.Ra1
Ra4 23.Bxb7 Bc4 24.Nc5 Rxb4 25.g4 Rb2 26.g5 Kf8 27.Rd1 Ke7 28.e4 Bxa2 29.Rd3
b4 {#R} 0-1

[Event "Ch Croatia (team)"]
[Site "masterchessopen.com Medulin (Croatia)"]
[Round "7"]
[White "Cvitan Ognjen (CRO)"]
[Black "Milu Romeo Sorin (ROM)"]
[Result "1-0"]
[WhiteElo "2576"]
[BlackElo "2430"]

1.c4 Nf6 2.g3 g6 3.Bg2 d5 4.cxd5 Nxd5 5.d4 Bg7 6.Nf3 O-O 7.O-O Nb6 8.Nc3 Nc6
9.e3 Re8 10.d5 Na5 11.Nd4 Bd7 12.e4 c6 13.Re1 cxd5 14.exd5 Rc8 15.Bf4 Nac4
16.b3 Nd6 17.Rc1 Nf5 18.Nde2 Na8 19.Qd2 Qb6 20.Ne4 e5 21.dxe6 Bxe6 22.Bg5 Rxc1
23.Rxc1 Bc8 24.Nf4 Nc7 25.Bd8 Be5 26.Bxc7 Bxc7 27.Nd5 {#r} 1-0

[Event "It (open) (active) (play-off) (places)"]
[Site "masterchessopen.com Warsaw (Poland)"]
[Round "3"]
[White "Kengis Edvins (LAT)"]
[Black "Ivanchuk Vassily (UKR)"]
[Result "1-0"]
[WhiteElo "2577"]
[BlackElo "2699"]

1.Nf3 Nf6 2.c4 g6 3.g3 Bg7 4.Bg2 O-O 5.d4 d5 6.cxd5 Nxd5 7.O-O Nb6 8.Nc3 Nc6
9.e3 a5 10.d5 Ne5 11.Nxe5 Bxe5 12.e4 e6 13.Bh6 Re8 14.Rc1 exd5 15.exd5 Bf5
16.b3 Qd7 17.Re1 Bh8 18.Qd2 Bh3 19.Bh1 Rxe1+ 20.Rxe1 Re8 21.Ne4 Re5 22.Qxa5
Rh5 23.Qd2 Re5 24.Qb4 Qd8 25.Bg5 Qe8 26.d6 Nd5 27.Qxb7 cxd6 28.Qxd5 h6 29.Bf4
{#r} 1-0

[Event "It"]
[Site "masterchessopen.com Winterthur (Switzerland)"]
[Round "8"]
[White "Papa Severin (SUI)"]
[Black "Flumbort Andras (HUN)"]
[Result "0-1"]
[WhiteElo "2356"]
[BlackElo "2443"]

1.d4 Nf6 2.Nf3 g6 3.c4 Bg7 4.g3 d5 5.cxd5 Nxd5 6.Bg2 O-O 7.O-O Nb6 8.Nc3 Nc6
9.e3 Re8 10.b3 e5 11.dxe5 Qxd1 12.Rxd1 Nxe5 13.Nxe5 Bxe5 14.Bb2 c6 15.Rd2 Be6
16.Rad1 Bxc3 17.Bxc3 Bd5 18.Rd4 Bxg2 19.Kxg2 Nd5 20.Bb2 f5 21.h3 Re6 22.g4
fxg4 23.hxg4 Rae8 24.a4 a5 25.Rc1 b6 26.Kg3 g5 27.e4 Nf4 28.Re1 Rh6 {#R} 0-1

[Event "It (open)"]
[Site "masterchessopen.com Dortmund (Germany)"]
[Round "9"]
[White "De Andres Gonalons Fernando (ESP)"]
[Black "Busch Martin (GER)"]
[Result "1-0"]
[WhiteElo "2100"]
[BlackElo "2096"]

1.d4 Nf6 2.c4 g6 3.g3 Bg7 4.Bg2 O-O 5.Nf3 d5 6.cxd5 Nxd5 7.O-O Nb6 8.Nc3 Nc6
9.e3 e5 10.d5 Ne7 11.e4 Bg4 12.h3 Bxf3 13.Qxf3 c6 14.Bg5 f6 15.Be3 cxd5
16.exd5 Nc4 17.b3 Nxe3 18.Qxe3 Qa5 19.a3 Rfd8 20.b4 Qa6 21.g4 Rac8 22.Rfd1 f5
23.Bf1 Qb6 24.Qxb6 axb6 25.d6 Nc6 26.Nd5 e4 27.Rac1 Rxd6 28.b5 Bb2 29.bxc6
Rxd5 30.cxb7 Rf8 31.Rc8 Rxd1 32.Rxf8+ Kxf8 33.b8=Q+ Kf7 34.Qc7+ {#r} 1-0

[Event "Ch Russia (juniors) (under 20)"]
[Site "masterchessopen.com Essentuki (Russia)"]
[Round "5"]
[White "Torbin Kirill (RUS)"]
[Black "Danin Alexandre (RUS)"]
[Result "0-1"]
[WhiteElo "2368"]
[BlackElo "2420"]

{ Torbin Kirill (RUS) +0 =0 -1 } 1.Nf3 { 1 } 1...Nf6 2.d4 g6 3.g3 Bg7 4.c4 O-O
5.Bg2 d5 6.cxd5 Nxd5 7.O-O Nb6 8.Nc3 Nc6 9.d5 { ?/= } 9...Nb4 ( 9...Na5 10.Bf4
c6 11.dxc6 Nxc6 12.Qc1 e5 13.Rd1 Qe7 14.Bg5 f6 15.Be3 Be6 16.Ne4 Rfd8 17.Bc5
Qf7 18.b3 Rxd1+ 19.Qxd1 Rd8 20.Qe1 { 1/2-1/2, Ljubojevic Ljubomir 2548 - Anand
Viswanathan 2770 , Villarrobledo 2001 It (open) (active) } ) 10.e4 c6 (
10...Bg4 11.h3 Bxf3 12.Bxf3 Qd7 13.a3 Na6 14.Qe2 h5 15.h4 e6 16.Be3 Rfe8
17.Rfd1 Qe7 18.Rac1 exd5 19.exd5 Nc8 20.b4 Nd6 21.Qd3 Qf6 22.Bg5 Qf5 23.Qxf5
Nxf5 24.Nb5 Rab8 25.Bf4 Bf8 26.Nxc7 Nxc7 27.Bxc7 Rbc8 28.Bf4 Bd6 29.Bxd6 Nxd6
30.Rc5 { ...1/2-1/2, Himdan Maher 2363 - Hatem Ibrahim Ahamed 2334 , Cairo
2001 It (open) "Golden Cleopatra" } ) ( 10...e6 11.Bg5 Bf6 12.Bxf6 Qxf6 13.a3
Na6 14.e5 Qd8 15.dxe6 Bxe6 16.Nd4 Bc4 17.Bxb7 Nc5 18.Bxa8 Qxa8 19.Qg4 Nd3
20.Qg5 Nd5 21.Ne4 f5 22.Nd2 Ba6 23.N2f3 c5 24.Ne2 Kg7 25.Qd2 Nc7 26.Ne1 Rd8
27.Qg5 Nxe5 28.Qe7+ Nf7 29.Nf4 Bxf1 30.Qxc7 { ...0-1, Sulava Nenad 2430 -
Werther Tobias 2325 , Bozen 1992 It (open) } ) 11.a3 Na6 12.dxc6 bxc6 { }
13.Bf4 { N } ( 13.Qc2 Nc5 14.Rd1 Qc7 15.Be3 Ne6 16.Bf1 Bb7 17.a4 a5 18.Rac1
Ba6 19.Bxa6 Rxa6 20.b3 Qb7 21.Ng5 Nxg5 22.Bxg5 h6 23.Be3 Nd7 24.Nb1 Ne5 25.Nd2
h5 26.Bd4 Rb8 27.Qc3 f6 28.Bxe5 fxe5 29.Qc4+ Kh7 30.Nf3 Rf8 31.Ng5+ Kh6 32.Ne6
Rf6 { ...1-0, Vaulin Alexander 2552 - Bogdanov Valentin 2425 , Bydgoszcz 2000
It (open) } ) ( 13.Bg5 h6 ( 13...Qc7 14.Qc2 Rb8 15.b3 Nc5 16.Be3 Bxc3 17.Qxc3
Nxe4 18.Qe5 Qxe5 19.Nxe5 f5 20.Nxc6 Rb7 21.Rfd1 Rc7 22.Rac1 Be6 23.Bf4 Rd7
24.Rxd7 Nxd7 25.b4 Nb6 26.Nxe7+ Kf7 27.Rc7 Bd7 28.Nd5 Ke6 29.Nxb6 axb6 30.Rb7
b5 31.Rb6+ Kf7 32.f3 Nc3 { ...1-0, Feher Gyula 2410 - Hutters Tomas 2445 ,
Budapest 1991 It "Kobanya Cup" } ) 14.Bf4 Qxd1 15.Raxd1 Nc4 16.Na4 g5 {
1/2-1/2, Guseinov Aidyn 2300 - Dorfman Josif D 2545 , Tallinn 1983 Ch URS (1
liga) } ) 13...Qxd1 14.Nxd1 Nc5 15.Rc1 Nd3 16.Rxc6 Nxf4 17.gxf4 Bb7 18.Rc7
Bxe4 19.Re1 { ?! } ( 19.Rxe7 { !? } 19...Rfe8 20.Rxe8+ Rxe8 21.Re1 { } )
19...Nd5 20.Rc4 { ?! } ( 20.Rd7 { !? } 20...f5 21.Ne5 Bxg2 22.Kxg2 { } )
20...f5 { ?! } ( 20...Bd3 { !? } 21.Ra4 Bc2 22.Rc4 Rac8 { } ) 21.Ng5 { ?! } (
21.Ne5 { !? } 21...Bxg2 22.Kxg2 Rac8 23.Kf3 { } ) 21...Bxg2 22.Kxg2 Rac8 { ?!
} ( 22...Rfc8 { !? } 23.Rxc8+ Rxc8 24.Ne6 Bf6 { } ) 23.Ra4 a5 { ?! } (
23...Rfd8 { !? } 24.Ne6 Rd7 25.Nxg7 Kxg7 { } ) 24.b4 { ? } ( { ? } 24.Ne6 Rf6
25.Nxg7 Kxg7 26.Ne3 { } ) 24...axb4 { ? } ( { ? } 24...Nxf4+ 25.Kg3 e5 26.Rxa5
Rfd8 { } ) 25.Ra8 { ?? } ( { ? } 25.Ne6 Ra8 26.Rxa8 Rxa8 27.axb4 { } )
25...Rxa8 26.axb4 Nxf4+ 27.Kg3 Nd5 28.Ne6 Ra1 29.b5 Bf6 30.f4 Rb1 31.Kg2 Rxb5
32.Ne3 Rb2+ 33.Kh1 Bh4 34.Nc4 Rxh2+ { } {#R} 0-1

[Event "It \"]
[Site "masterchessopen.com Kharkov (Ukraine)"]
[Round "10"]
[White "Kostiuk Tatiana (UKR)"]
[Black "Dvoretska Olena (UKR)"]
[Result "1-0"]
[WhiteElo "2316"]
[BlackElo "2158"]

1.d4 Nf6 2.Nf3 g6 3.g3 Bg7 4.Bg2 O-O 5.c4 d5 6.cxd5 Nxd5 7.O-O Nb6 8.Nc3 Nc6
9.e3 Be6 10.b3 Qc8 11.Bb2 Bh3 12.Qe2 Bxg2 13.Kxg2 Rd8 14.Rfd1 e6 15.Rac1 Nd5
16.e4 Nxc3 17.Bxc3 Ne7 18.Qe3 b6 19.Bb4 Rd7 20.Qf4 Qb7 21.Ne5 Bxe5 22.Qxe5 Nc6
23.Rxc6 Qxc6 24.d5 Qc2 25.Rd2 Qc1 26.Bc3 f6 27.Qxf6 Rf8 28.Qh8+ Kf7 29.dxe6+
Kxe6 30.Qe5+ {#r} 1-0

[Event "Dos Hermanas Qualifier (16-A)"]
[Site "masterchessopen.com Internet"]
[Date "2003.03.16"]
[Round "3"]
[White "Fridman Daniel (GER)"]
[Black "Silva Sanchez Carlos (CHI)"]
[Result "1-0"]
[WhiteElo "2578"]
[BlackElo "2388"]

1.d4 Nf6 2.Nf3 g6 3.c4 Bg7 4.g3 O-O 5.Bg2 d5 6.cxd5 Nxd5 7.O-O Nb6 8.Nc3 Nc6
9.e3 e5 10.d5 Na5 11.e4 Nac4 12.a4 a5 13.b3 Nd6 14.Ba3 Re8 15.Rc1 Bd7 16.Ne1
Bh6 17.Rc2 f5 18.Nd3 Nxe4 19.Nxe4 fxe4 20.Nc5 Bf5 21.Nxb7 Qxd5 22.Rxc7 Qxd1
23.Rxd1 Rec8 24.Rxc8+ Rxc8 25.Nxa5 e3 26.Nc6 Rc7 27.Rd8+ Kg7 28.Bf8+ Kf6
29.Bxh6 e2 30.Rd6+ Be6 31.Bd2 Nc8 32.Rd3 Bd7 33.Rc3 Nd6 34.Nxe5 {#r} 1-0

[Event "It (cat.3)"]
[Site "masterchessopen.com Nancy (France)"]
[Date "2004.02.21"]
[Round "8"]
[White "Prakken Gerrit (NED)"]
[Black "Okhotnik Vladimir (FRA)"]
[Result "0-1"]
[WhiteElo "2272"]
[BlackElo "2426"]

1.d4 Nf6 2.c4 g6 3.Nf3 Bg7 4.g3 d5 5.cxd5 Nxd5 6.Bg2 O-O 7.O-O Nb6 8.Nc3 Nc6
9.e3 Re8 10.Re1 h6 11.b3 e5 12.dxe5 Nxe5 13.Nxe5 Bxe5 14.Bb2 Qxd1 15.Raxd1 c6
16.Rd2 Bf5 17.h3 Red8 18.Red1 Rxd2 19.Rxd2 a5 20.g4 Be6 21.Ne4 Bxb2 22.Rxb2
Nd5 23.Nc5 Bc8 {#R} 0-1

[Event "It (open)"]
[Site "masterchessopen.com Bad Woerishofen (Germany)"]
[Date "2004.03.19"]
[Round "2"]
[White "Kengis Edvins (LAT)"]
[Black "Keller Manfred (GER)"]
[Result "1-0"]
[WhiteElo "2543"]
[BlackElo "2221"]

1.Nf3 Nf6 2.g3 g6 3.Bg2 Bg7 4.c4 O-O 5.d4 d5 6.cxd5 Nxd5 7.O-O Nb6 8.Nc3 Nc6
9.e3 e5 10.d5 Na5 11.e4 c6 12.Bg5 f6 13.Be3 cxd5 14.Bxb6 Qxb6 15.Nxd5 Qd8
16.Rc1 Nc6 17.Qb3 Rf7 18.Rfd1 Be6 19.h4 Rd7 20.Bh3 f5 21.Ng5 Bxd5 22.Rxd5 Rxd5
23.exd5 Na5 24.Qd1 Qd6 25.b4 Qxb4 26.d6 Qd4 27.Qxd4 exd4 28.Bg2 Bf6 29.Bd5+
Kh8 30.Nf7+ Kg7 31.Rc7 {#r} 1-0

[Event "Ch Russia (club) (juniors)"]
[Site "masterchessopen.com Rybinsk (Russia)"]
[Round "5"]
[White "Zatsepin Ilya (RUS)"]
[Black "Zakharov Alexander (RUS)"]
[Result "1-0"]
[WhiteElo "2204"]
[BlackElo "2411"]

1.d4 Nf6 2.c4 g6 3.g3 Bg7 4.Bg2 d5 5.cxd5 Nxd5 6.Nf3 O-O 7.O-O Nb6 8.Nc3 Nc6
9.e3 Re8 10.Qe2 e5 11.dxe5 Nxe5 12.Nxe5 Bxe5 13.Rd1 Qe7 14.e4 c6 15.Be3 Be6
16.f4 Bxc3 17.bxc3 Bc4 18.Qf2 Na4 19.Qc2 Qa3 20.Bd4 Rad8 21.Bf1 Bxf1 22.Rxf1
b5 23.f5 Qb2 24.Qd3 c5 25.Rfb1 Qa3 26.Rb3 c4 27.Qxc4 bxc4 28.Rxa3 Nb2 29.fxg6
hxg6 30.Rxa7 Rxe4 31.Rf1 Rdxd4 32.cxd4 f5 33.Rc7 Rxd4 34.Rb1 Rd2 35.a4 {#r}
1-0

[Event "Memorial M.Chigorin (open)"]
[Site "masterchessopen.com St. Petersburg (Russia)"]
[Date "2004.10.20"]
[Round "5"]
[White "Efimenko Zahar (UKR)"]
[Black "Kurnosov Igor (RUS)"]
[Result "1-0"]
[WhiteElo "2594"]
[BlackElo "2533"]

{ } 1.Nf3 { 1 } 1...Nf6 2.c4 g6 3.g3 Bg7 4.Bg2 d5 5.cxd5 Nxd5 6.d4 O-O 7.O-O
Nb6 8.Nc3 Nc6 9.e3 Re8 10.d5 Na5 11.Nd4 Bd7 12.e4 c6 { = } 13.Bf4 ( 13.b3 Rc8
14.Bb2 cxd5 15.exd5 Nbc4 16.bxc4 Qb6 17.Ne6 Nxc4 18.Nxg7 Nxb2 19.Qe2 Kxg7
20.Rab1 Rxc3 21.Rxb2 Qf6 22.Rxb7 Bf5 23.Qb2 a5 24.h3 Rc2 25.Qxf6+ exf6 26.g4
Bc8 27.Ra7 Rxa2 28.Rc1 Rb2 29.Rcc7 Rf8 30.Bf1 Rb8 31.Bc4 h5 32.d6 hxg4 {
...1-0, Bacrot Etienne 2653 - Gustafsson Jan 2526 , Germany 2001 Bundesliga
2000/01 } ) 13...Rc8 ( 13...Bc8 14.Nde2 e5 15.dxe6 Bxe6 16.b3 c5 17.Qc1 Qe7
18.Rd1 Rad8 19.Qa3 Nc6 20.Rac1 c4 21.Bd6 Qg5 22.h4 Qa5 23.Qxa5 Nxa5 24.bxc4
Naxc4 25.Bc5 Rc8 26.Bd4 Nb2 27.Rd2 N6c4 28.Rdc2 Nd3 29.Rd1 Nb4 30.Bxg7 Nxc2
31.Bf6 Bg4 32.Rb1 Rc6 33.e5 { ...0-1, Fridman Daniel 2594 - Nakamura Hikaru
2580 , Philadelphia 4. 7.2004 It "World Open" } ) ( 13...cxd5 14.exd5 Rc8
15.Rc1 Nac4 16.b3 Nd6 17.Qd2 a6 18.Rfe1 Rc5 19.a4 Nbc8 20.Be3 Qa5 21.Qb2 Rc7
22.b4 Nc4 23.Qb1 Qb6 24.a5 Qa7 25.Ndb5 Nxe3 26.Nxa7 Nxg2 27.Kxg2 Nxa7 28.Ne4
Rxc1 29.Qxc1 Nb5 30.Qf4 h6 31.Nc5 Bc8 32.d6 e5 33.d7 { ...1-0, Tkachiev
Vladislav 2632 - Ye Jiangchuan 2681 , Cannes 2001 Cup World (active) (Gr.B) }
) 14.Rc1 { } 14...cxd5 { N } ( 14...c5 15.Nf3 e5 16.dxe6 Bxe6 17.e5 Nd5
18.Nxd5 Bxd5 19.Bh3 Rc6 20.Rc3 Bxf3 21.Rxf3 Qxd1 22.Rxd1 Rb6 23.Bd7 Re7 24.e6
fxe6 25.Bc7 Bd4 26.Bxb6 axb6 27.Bb5 Bxb2 28.Rd7 Rxd7 29.Bxd7 e5 30.Rf6 b5
31.Rb6 b4 32.Rb5 b6 33.Rxb6 Kf8 { 1-0, Tkachiev Vladislav 2657 - Vareille
Francois 2411 , France 2000 Ch France (team) 2000 } ) 15.exd5 Nac4 16.b3 Nd6
17.Qd2 Nf5 { N } ( 17...a6 18.Rfe1 Rc5 19.a4 Nbc8 20.Be3 Qa5 21.Qb2 Rc7 22.b4
Nc4 23.Qb1 Qb6 24.a5 Qa7 25.Ndb5 Nxe3 26.Nxa7 Nxg2 27.Kxg2 Nxa7 28.Ne4 Rxc1
29.Qxc1 Nb5 30.Qf4 h6 31.Nc5 Bc8 32.d6 e5 33.d7 Bxd7 34.Nxd7 exf4 35.Rxe8+ Kh7
36.Nf8+ Bxf8 37.Rxf8 { ...1-0, Tkachiev Vladislav 2632 - Ye Jiangchuan 2681 ,
Cannes 2001 Cup World (active) (Gr.B) } ) ( 17...Rc5 18.Rfe1 Nbc8 19.Be3 Rc7
20.Nce2 Nf5 21.Nxf5 Bxf5 22.Nd4 Bd7 23.h4 h5 24.Nf3 Bg4 25.Ng5 Rd7 26.Qb4 Nb6
27.Qf4 Bf6 28.Bd4 Kg7 29.Rc5 Qb8 30.Be5 Qd8 31.Re3 Bf5 32.d6 Bxe5 33.Qxe5+ f6
34.Qxf5 gxf5 35.Ne6+ Kf7 36.Nxd8+ Rdxd8 37.dxe7 { ...1-0, Baburin Alexander
2541 - Pert Richard G 2424 , England 2003 Ch England (team) 2002/03 } )
18.Nxf5 Bxf5 19.Nb5 a6 { ? } ( { ? } 19...Rxc1 20.Rxc1 Nc8 21.Nd4 Nd6 { } )
20.Nc7 Rf8 21.Qb4 g5 22.d6 a5 23.Qc5 e5 24.Bd2 Nd7 25.Qxa5 b6 26.Qb5 Nc5
27.Qxb6 Ne4 28.Bb4 Rb8 29.Qa5 Qd7 30.Rfe1 { } {#r} 1-0

[Event "Ch Europe (blitz) (Internet) (KO-system)"]
[Site "masterchessopen.com Internet"]
[Date "2004.11.07"]
[Round "2"]
[White "Gelfand Boris (ISR)"]
[Black "Turov Maxim (RUS)"]
[Result "1-0"]
[WhiteElo "2693"]
[BlackElo "2543"]

{ Gelfand Boris (ISR) +0 =2 -0 } 1.d4 { 1 } 1...Nf6 2.c4 g6 3.g3 Bg7 4.Bg2 d5
5.cxd5 Nxd5 6.Nf3 O-O 7.O-O Nb6 8.Nc3 Nc6 9.e3 Re8 10.d5 Na5 11.Nd4 Bd7 12.e4
( 12.Nb3 Nxb3 13.Qxb3 e6 14.e4 exd5 15.exd5 a5 16.a3 a4 17.Qb4 Qe7 18.Qxe7
Rxe7 19.Bg5 Ree8 20.Rac1 Rac8 21.h4 Nc4 22.Ne4 Rxe4 23.Bxe4 Nd6 24.Bd3 Bxb2
25.Rc2 Bxa3 26.Rb1 b5 27.Bd2 Nc4 28.Bxc4 Bf5 29.Ra2 Bxb1 30.Rxa3 bxc4 31.Rxa4
Bd3 { ...1/2-1/2, Gelfand Boris 2709 - Aronian Levon 2648 , Bastia 2003 It
(active) (knockout system) "Corsica Masters" } ) 12...c6 { = } 13.Re1 ( 13.b3
Rc8 14.Bb2 cxd5 15.exd5 Nbc4 16.bxc4 Qb6 17.Ne6 Nxc4 18.Nxg7 Nxb2 19.Qe2 Kxg7
20.Rab1 Rxc3 21.Rxb2 Qf6 22.Rxb7 Bf5 23.Qb2 a5 24.h3 Rc2 25.Qxf6+ exf6 26.g4
Bc8 27.Ra7 Rxa2 28.Rc1 Rb2 29.Rcc7 Rf8 30.Bf1 Rb8 31.Bc4 h5 32.d6 hxg4 {
...1-0, Bacrot Etienne 2653 - Gustafsson Jan 2526 , Germany 2001 Bundesliga
2000/01 } ) 13...Rc8 14.Bf4 ( 14.Rb1 cxd5 15.exd5 Nac4 16.b3 Nd6 ( 16...Ne5
17.Bb2 { } ) 17.Bb2 Na8 18.Nce2 Qa5 19.a4 Nc7 20.Bc3 Qb6 21.Qd2 Nf5 22.Nxf5
Bxf5 23.Bxg7 Kxg7 24.Rbc1 Na6 25.Nd4 Bd7 26.Rxc8 Bxc8 27.d6 Qd8 28.Nb5 f6
29.Nxa7 exd6 30.Nxc8 Qxc8 31.Rxe8 Qxe8 32.Qxd6 Qe1+ 33.Bf1 Qb4 { ...1-0,
Aronian Levon 2645 - Miroshnichenko Evgenij 2599 , Antalya 20. 5.2004 Ch
Europe } ) 14...Nac4 ( 14...cxd5 15.exd5 Nac4 16.b3 Nd6 17.Qd2 Na8 18.Be5 Bxe5
19.Rxe5 Qa5 20.Re3 Nc7 21.a4 Na6 22.Rae1 Qb4 23.R1e2 Bg4 24.Re1 Bd7 25.h4 Nc5
26.Qd1 Nxb3 27.Nc2 Qa5 28.Rxe7 Rxe7 29.Rxe7 Bf5 30.Ne4 Bxe4 31.Bxe4 Qd8 32.Re5
Qf6 33.f4 Nc4 34.Rg5 { ...0-1, Tkachiev Vladislav 2632 - Ye Jiangchuan 2681 ,
Shanghai 2001 Cup Tan Chin Nam } ) ( 14...e5 { } ) 15.b3 { } 15...e5 { N ?! }
( 15...Ne5 16.Qd2 e6 17.Bg5 Qc7 18.Rac1 c5 19.dxe6 Bxe6 20.Nxe6 fxe6 21.Nb5
Qb8 22.Rcd1 c4 23.bxc4 Nbxc4 24.Qe2 a6 25.Nd4 Nf7 26.Bc1 b5 27.h4 Qb6 28.Nf3
Rf8 29.Rd7 Bc3 30.Red1 Nfe5 31.Nxe5 Bxe5 32.Bh6 Nb2 33.R1d6 Bxd6 34.Qxb2 e5
35.Qb3+ { ...1-0, Maletin Pavel 2429 - Kurnosov Igor 2524 , Moscow 19. 2.2004
It (open) "Aeroflot" } ) ( 15...cxd5 { !? } 16.exd5 Nd6 17.Qd2 Na8 { } )
16.dxe6 Bxe6 17.Nxe6 { ? } ( { ? } 17.e5 g5 18.Nxe6 Rxe6 19.Qxd8+ { } )
17...Qxd1 18.Rexd1 fxe6 { ?! } ( 18...Bxc3 { !? } 19.Rac1 Nb2 20.Rd6 Bb4 { } )
19.Rac1 Ne5 20.Kf1 Rcd8 21.Ke2 Kf7 22.Bg5 Bf6 23.Bxf6 Kxf6 24.f4 Nf7 25.e5+
Ke7 26.Ne4 Nd5 27.Nc5 b6 { ? } ( { ? } 27...Rb8 28.Bh3 Nd8 29.Bg4 Kf7 { } )
28.Nxe6 Kxe6 29.Rxc6+ Kf5 30.Rxd5 Rxd5 31.Rf6+ Kg4 32.Bxd5 Nxe5 33.Be6+ { }
{#r} 1-0

[Event "Memorial T.Petrosian (open)"]
[Site "masterchessopen.com Yerevan (Armenia)"]
[Date "2004.11.19"]
[Round "1"]
[White "Skatchkov Pavel (RUS)"]
[Black "Mesropian Khachatur (ARM)"]
[Result "1-0"]
[WhiteElo "2516"]
[BlackElo "2165"]

1.d4 Nf6 2.Nf3 g6 3.c4 Bg7 4.g3 O-O 5.Bg2 d5 6.cxd5 Nxd5 7.O-O Nb6 8.Nc3 Nc6
9.Bf4 Bg4 10.d5 Bxf3 11.Bxf3 Nd4 12.Bg2 Qd7 13.Rc1 Rfd8 14.e3 Nf5 15.Qb3 Nd6
16.Rfd1 h6 17.e4 Nbc4 18.Na4 Na5 19.Qc2 b6 20.e5 Ndb7 21.e6 fxe6 22.Qxg6 Qe8
23.Qxe8+ Rxe8 24.b4 e5 25.Be3 b5 26.bxa5 bxa4 27.d6 {#r} 1-0

[Event "It (open) (a)"]
[Site "masterchessopen.com Pardubice (Czech Republic)"]
[Date "2005.07.25"]
[Round "4"]
[White "Shushpanov Vladimir (RUS)"]
[Black "Sazonova Elena N (RUS)"]
[Result "1-0"]
[WhiteElo "2376"]
[BlackElo "2233"]

1.c4 Nf6 2.Nf3 g6 3.g3 Bg7 4.Bg2 O-O 5.O-O d5 6.cxd5 Nxd5 7.d4 Nb6 8.Nc3 Nc6
9.d5 Na5 10.e4 c6 11.Bg5 h6 12.Bf4 cxd5 13.exd5 Nac4 14.Qe2 g5 15.Bc1 Bd7
16.Rd1 Rc8 17.h4 g4 18.Nd4 Nd6 19.Bf4 Nbc4 20.Rac1 Re8 21.b3 Na3 22.Be5 Qa5
23.Bxg7 Kxg7 24.Qe5+ Kg8 25.Nce2 Rxc1 26.Rxc1 Nab5 27.Ne6 fxe6 28.dxe6 Bc6
29.Bxc6 bxc6 30.a4 Qb4 31.axb5 cxb5 32.Nf4 Rf8 33.Ng6 {#r} 1-0

[Event "Ch Europe (team)"]
[Site "masterchessopen.com Goteborg (Sweden)"]
[Round "2"]
[White "Janjgava Lasha (GEO)"]
[Black "Sakalauskas Vaidas (LTU)"]
[Result "1-0"]
[WhiteElo "2479"]
[BlackElo "2481"]

1.d4 Nf6 2.Nf3 g6 3.c4 Bg7 4.g3 O-O 5.Bg2 d5 6.cxd5 Nxd5 7.O-O Nb6 8.Nc3 Nc6
9.e3 e5 10.d5 Na5 11.e4 c6 12.Bg5 f6 13.Be3 cxd5 14.Bxb6 Qxb6 15.Nxd5 Qd8
16.Rc1 Nc6 17.Qb3 Rf7 18.Rfd1 Be6 19.h4 Kh8 20.Kh2 Rd7 21.Bh3 Bxh3 22.Kxh3 Ne7
23.Nxf6 Bxf6 24.Qe6 Rxd1 25.Qxf6+ Kg8 26.Qe6+ Kg7 27.Ng5 Qd7 28.Rxd1 Qxe6+
29.Nxe6+ Kf6 30.Nc7 Rc8 31.Rd6+ Kf7 32.Rd7 Kf6 33.g4 {#r} 1-0

[Event "It (open)"]
[Site "masterchessopen.com Hamburg (Germany)"]
[Date "2005.10.01"]
[Round "1"]
[White "Eingorn Vereslav S (UKR)"]
[Black "Johannsen Dennis (GER)"]
[Result "1-0"]
[WhiteElo "2587"]
[BlackElo "2099"]

1.d4 Nf6 2.c4 g6 3.g3 d5 4.cxd5 Nxd5 5.Bg2 Bg7 6.Nf3 O-O 7.O-O Nb6 8.Nc3 Nc6
9.e3 e5 10.d5 Ne7 11.e4 f5 12.exf5 Nxf5 13.Re1 Re8 14.Ng5 h6 15.Nce4 Nc4 16.b3
Ncd6 17.Ba3 Nd4 18.Nxd6 cxd6 19.Ne4 Nb5 20.Bb2 b6 21.Rc1 Bb7 22.Nc3 Nd4 23.Qd3
Kh7 24.Be4 Qf6 25.Ne2 Nxe2+ 26.Rxe2 Rac8 27.Rf1 Rf8 28.f4 Rc7 29.Rff2 Rcf7
30.Rf3 {#r} 1-0

[Event "It (open)"]
[Site "masterchessopen.com San Sebastian (Spain)"]
[Date "2006.04.09"]
[Round "2"]
[White "Conquest Stuart (ENG)"]
[Black "Bernard Jacques (FRA)"]
[Result "1-0"]
[WhiteElo "2530"]
[BlackElo "2248"]

1.d4 Nf6 2.c4 g6 3.g3 Bg7 4.Bg2 d5 5.cxd5 Nxd5 6.Nf3 O-O 7.O-O Nb6 8.Nc3 Nc6
9.e3 a5 10.d5 Nb4 11.e4 c6 12.a3 Na6 13.Re1 cxd5 14.exd5 Re8 15.Be3 Nc4 16.Bd4
e5 17.dxe6 Bxe6 18.b3 Nb6 19.Ne5 Nd5 20.Nb5 Rc8 21.Nc4 Bf8 22.Bb2 Bc5 23.Qd2
Nac7 24.Nxc7 Nxc7 25.Qc3 f6 26.Rad1 Qe7 27.Bxb7 Rcd8 28.Rxd8 Rxd8 29.Nxa5 Bd5
30.Nc6 {#r} 1-0